[Event "Gideon Japhet ACP Open 2018"]
[Site "Jerusalem"]
[Date "2018.07.02"]
[Round "2"]
[White "Agrest, Inna"]
[Black "Muzychuk, Mariya"]
[Result "1/2-1/2"]
[WhiteElo "2303"]
[BlackElo "2521"]
[Annotator "ChessBase"]
[PlyCount "113"]
[EventDate "2018.07.01"]
[EventType "swiss"]
[EventCountry "ISR"]
[SourceTitle "playchess.com"]
[Source "ChessBase"]
[SourceQuality "1"]
[TimeControl "40/5400+30:1800+30"]

1. e4 {[%emt 0:00:00]} c5 {[%emt 0:00:00]} 2. Nf3 {[%emt 0:00:00]} Nc6 {[%emt 0:00:36]} 3. d4 {[%emt 0:00:00]} cxd4 {[%emt 0:00:05]} 4. Nxd4 {[%emt 0:00:00]} Nf6 {[%emt 0:00:22]} 5. Nc3 {[%emt 0:00:13]} e5 {[%emt 0:00:21]} 6. Ndb5 {[%emt 0:01:03]} d6 {[%emt 0:00:09]} 7. Bg5 {[%emt 0:00:44]} a6 {[%emt 0:00:05]} 8. Na3 {[%emt 0:01:30]} b5 {[%emt 0:00:07]} 9. Nd5 {[%emt 0:02:21]} Be7 {[%emt 0:00:11]} 10. Nxe7 {[%emt 0:09:20]} Nxe7 {[%emt 0:00:26]} 11. Bd3 {[%emt 0:02:11]} Ng6 {[%emt 0:00:36]} 12. c4 {[%emt 0:05:52]} h6 {[%emt 0:03:17]} 13. Bd2 {[%emt 0:03:04]} O-O {[%emt 0:07:02]} 14. O-O {[%emt 0:03:45]} Bb7 {[%emt 0:01:20]} 15. Re1 {[%emt 0:05:50]} bxc4 {[%emt 0:16:42]} 16. Nxc4 {[%emt 0:03:34]} a5 {[%emt 0:00:22]} 17. Be3 {[%emt 0:15:32]} d5 {[%emt 0:07:35]} 18. exd5 {[%emt 0:05:03]} Qxd5 {[%emt 0:01:49]} 19. Bf1 {[%emt 0:01:27]} Qe6 {[%emt 0:02:53]} 20. Qd6 {[%emt 0:05:54]} Qf5 {[%emt 0:07:40]} 21. Qc7 {[%emt 0:08:38]} Ba6 {[%emt 0:03:30]} 22. Rac1 {[%emt 0:07:37]} Nd5 {[%emt 0:06:39]} 23. Qc5 {[%emt 0:00:54]} Nxe3 {[%emt 0:04:30]} 24. Qxe3 {[%emt 0:01:21]} Bxc4 {[%emt 0:03:53]} 25. Rxc4 {[%emt 0:00:30]} Rfd8 {[%emt 0:01:42]} 26. g3 {[%emt 0:03:22]} Rab8 {[%emt 0:03:25]} 27. b3 {[%emt 0:00:36]} Rb4 {[%emt 0:00:28]} 28. Qe4 {[%emt 0:01:29]} Qxe4 {[%emt 0:03:04]} 29. Rexe4 {[%emt 0:00:34]} Rdb8 {[%emt 0:00:43]} 30. h4 {[%emt 0:03:57]} f6 {[%emt 0:02:11]} 31. Re1 {[%emt 0:03:49]} Rxc4 {[%emt 0:06:46]} 32. Bxc4+ {[%emt 0:00:05]} Kf8 {[%emt 0:00:01]} 33. Rd1 {[%emt 0:00:28]} e4 {[%emt 0:00:26]} 34. Rd5 {[%emt 0:02:15]} Ne5 {[%emt 0:09:04]} 35. Rxa5 {[%emt 0:02:26]} Nxc4 {[%emt 0:00:05]} 36. bxc4 {[%emt 0:00:03]} Rb1+ {[%emt 0:00:07]} 37. Kg2 {[%emt 0:00:07]} Rb2 {[%emt 0:00:07]} 38. Kf1 {[%emt 0:00:27]} Rc2 {[%emt 0:01:11]} 39. c5 {[%emt 0:00:41]} g5 {[%emt 0:02:15]} 40. h5 {[%emt 0:02:15]} Kf7 {[%emt 0:01:40]} 41. Ra4 {[%emt 0:07:49]} f5 {[%emt 0:10:14]} 42. Ra7+ {[%emt 0:04:27]} Kg8 {[%emt 0:05:14]} 43. Ra6 {[%emt 0:06:13]} Rxc5 {[%emt 0:00:10]} 44. Rxh6 {[%emt 0:00:13]} f4 {[%emt 0:00:11]} 45. Re6 {[%emt 0:03:12]} Rc1+ {[%emt 0:05:16]} 46. Ke2 {[%emt 0:01:22]} Rc2+ {[%emt 0:00:31]} 47. Ke1 {[%emt 0:00:57]} e3 {[%emt 0:00:52]} 48. fxe3 {[%emt 0:01:28]} fxg3 {[%emt 0:00:24]} 49. Kf1 {[%emt 0:00:43]} Rxa2 {[%emt 0:07:22]} 50. Rg6+ {[%emt 0:02:53]} Kh7 {[%emt 0:00:07]} 51. Rxg5 {[%emt 0:00:09]} Rf2+ {[%emt 0:00:07]} 52. Kg1 {[%emt 0:01:37]} Rf3 {[%emt 0:01:17]} 53. e4 {[%emt 0:00:33]} Kh6 {[%emt 0:01:14]} 54. Re5 {[%emt 0:03:31]} Rf2 {[%emt 0:00:44]} 55. Rd5 {[%emt 0:00:28]} Re2 {[%emt 0:00:25]} 56. Re5 {[%emt 0:00:09]} Rf2 {[%emt 0:00:31]} 57. Rd5 {[%emt 0:00:07]} 1/2-1/2

[Event "Gideon Japhet ACP Open 2018"]
[Site "Jerusalem"]
[Date "2018.07.02"]
[Round "2"]
[White "Zisman, Philip"]
[Black "Caspi, Israel"]
[Result "1-0"]
[WhiteElo "2293"]
[BlackElo "2479"]
[Annotator "ChessBase"]
[PlyCount "79"]
[EventDate "2018.07.01"]
[EventType "swiss"]
[EventCountry "ISR"]
[SourceTitle "playchess.com"]
[Source "ChessBase"]
[SourceQuality "1"]
[TimeControl "40/5400+30:1800+30"]

1. d4 {[%emt 0:00:00]} f5 {[%emt 0:00:00]} 2. g3 {[%emt 0:00:00]} Nf6 {[%emt 0:00:00]} 3. Bg2 {[%emt 0:00:00]} g6 {[%emt 0:00:03]} 4. Nh3 {[%emt 0:00:00]} Bg7 {[%emt 0:00:13]} 5. c3 {[%emt 0:00:09]} Nc6 {[%emt 0:05:20]} 6. Qb3 {[%emt 0:06:17]} d5 {[%emt 0:00:31]} 7. Nf4 {[%emt 0:01:17]} e6 {[%emt 0:00:07]} 8. Nd2 {[%emt 0:02:52]} Qe7 {[%emt 0:04:35]} 9. Nf3 {[%emt 0:02:21]} Ne4 {[%emt 0:00:30]} 10. Nd3 {[%emt 0:00:43]} b6 {[%emt 0:06:14]} 11. Bf4 {[%emt 0:05:03]} O-O {[%emt 0:18:57]} 12. h4 {[%emt 0:06:03]} Bb7 {[%emt 0:08:22]} 13. Nfe5 {[%emt 0:01:27]} Na5 {[%emt 0:10:40]} 14. Qb4 {[%emt 0:05:37]} Qd8 {[%emt 0:05:14]} 15. Qa4 {[%emt 0:07:53]} Rc8 {[%emt 0:04:23]} 16. f3 {[%emt 0:02:56]} Nd6 {[%emt 0:01:37]} 17. Bg5 {[%emt 0:20:25]} Qe8 {[%emt 0:01:54]} 18. Qxe8 {[%emt 0:00:04]} Rfxe8 {[%emt 0:00:14]} 19. Bf4 {[%emt 0:00:21]} Bf6 {[%emt 0:02:01]} 20. g4 {[%emt 0:03:54]} fxg4 {[%emt 0:00:43]} 21. fxg4 {[%emt 0:01:40]} Ne4 {[%emt 0:00:32]} 22. g5 {[%emt 0:02:20]} Bg7 {[%emt 0:00:12]} 23. h5 {[%emt 0:00:35]} gxh5 {[%emt 0:00:13]} 24. Rxh5 {[%emt 0:00:07]} c5 {[%emt 0:01:35]} 25. dxc5 {[%emt 0:01:38]} bxc5 {[%emt 0:00:10]} 26. O-O-O {[%emt 0:01:53]} c4 {[%emt 0:03:51]} 27. Bxe4 {[%emt 0:01:13]} dxe4 {[%emt 0:00:05]} 28. Nf2 {[%emt 0:04:16]} Rf8 {[%emt 0:09:11]} 29. g6 {[%emt 0:03:09]} h6 {[%emt 0:01:57]} 30. Nf7 {[%emt 0:00:10]} Bd5 {[%emt 0:00:33]} 31. Ng4 {[%emt 0:03:59]} Nc6 {[%emt 0:00:05]} 32. Ngxh6+ {[%emt 0:01:00]} Bxh6 {[%emt 0:00:06]} 33. Bxh6 {[%emt 0:00:14]} Rxf7 {[%emt 0:00:18]} 34. gxf7+ {[%emt 0:00:04]} Kxf7 {[%emt 0:00:05]} 35. Rf1+ {[%emt 0:04:20]} Ke7 {[%emt 0:00:27]} 36. Bf4 {[%emt 0:00:23]} Rg8 {[%emt 0:02:47]} 37. Rh7+ {[%emt 0:00:09]} Ke8 {[%emt 0:01:23]} 38. Be3 {[%emt 0:01:08]} a6 {[%emt 0:01:10]} 39. Rff7 {[%emt 0:01:02]} Kd8 {[%emt 0:02:06]} 40. Rc7 {[%emt 0:04:36]} 1-0

[Event "Gideon Japhet ACP Open 2018"]
[Site "Jerusalem"]
[Date "2018.07.02"]
[Round "2"]
[White "Cohen Revivo, Shoham"]
[Black "Gorodetzky, David"]
[Result "1/2-1/2"]
[WhiteElo "2248"]
[BlackElo "2460"]
[Annotator "ChessBase"]
[PlyCount "91"]
[EventDate "2018.07.01"]
[EventType "swiss"]
[EventCountry "ISR"]
[SourceTitle "playchess.com"]
[Source "ChessBase"]
[SourceQuality "1"]
[TimeControl "40/5400+30:1800+30"]

1. e4 {[%emt 0:00:00]} e6 {[%emt 0:00:00]} 2. d4 {[%emt 0:00:06]} d5 {[%emt 0:00:00]} 3. e5 {[%emt 0:00:06]} c5 {[%emt 0:00:00]} 4. c3 {[%emt 0:00:04]} Nc6 {[%emt 0:00:00]} 5. Nf3 {[%emt 0:00:05]} Bd7 {[%emt 0:00:08]} 6. Be2 {[%emt 0:00:51]} Nge7 {[%emt 0:01:21]} 7. Na3 {[%emt 0:00:40]} cxd4 {[%emt 0:11:25]} 8. cxd4 {[%emt 0:00:06]} Nf5 {[%emt 0:00:57]} 9. Nc2 {[%emt 0:00:11]} Qb6 {[%emt 0:01:43]} 10. O-O {[%emt 0:00:13]} Na5 {[%emt 0:07:09]} 11. b3 {[%emt 0:08:34]} Bb5 {[%emt 0:05:20]} 12. Bb2 {[%emt 0:09:52]} Nc6 {[%emt 0:10:42]} 13. Ne3 {[%emt 0:12:24]} Nxe3 {[%emt 0:06:44]} 14. fxe3 {[%emt 0:00:19]} Be7 {[%emt 0:00:08]} 15. Ne1 {[%emt 0:04:11]} O-O {[%emt 0:08:38]} 16. Nd3 {[%emt 0:01:00]} a5 {[%emt 0:13:19]} 17. Nf4 {[%emt 0:06:10]} a4 {[%emt 0:05:44]} 18. Nh5 {[%emt 0:00:20]} axb3 {[%emt 0:06:05]} 19. Qxb3 {[%emt 0:08:22]} Nb4 {[%emt 0:01:30]} 20. Bxb5 {[%emt 0:00:45]} Qxb5 {[%emt 0:00:02]} 21. Bc3 {[%emt 0:02:19]} Qd3 {[%emt 0:06:26]} 22. Bxb4 {[%emt 0:01:07]} Qxb3 {[%emt 0:00:02]} 23. axb3 {[%emt 0:00:01]} Bxb4 {[%emt 0:00:15]} 24. Nf4 {[%emt 0:01:24]} Bc3 {[%emt 0:02:25]} 25. Rxa8 {[%emt 0:00:22]} Rxa8 {[%emt 0:00:02]} 26. Nd3 {[%emt 0:01:02]} b5 {[%emt 0:01:39]} 27. Kf2 {[%emt 0:06:41]} h5 {[%emt 0:02:59]} 28. Rc1 {[%emt 0:03:41]} b4 {[%emt 0:00:11]} 29. Rc2 {[%emt 0:00:44]} Ra1 {[%emt 0:01:43]} 30. Nc5 {[%emt 0:02:28]} Rb1 {[%emt 0:04:48]} 31. Ra2 {[%emt 0:07:50]} g5 {[%emt 0:00:07]} 32. Rc2 {[%emt 0:04:24]} g4 {[%emt 0:01:04]} 33. Na4 {[%emt 0:07:17]} Rxb3 {[%emt 0:00:06]} 34. Nxc3 {[%emt 0:00:07]} bxc3 {[%emt 0:02:02]} 35. Ke2 {[%emt 0:00:06]} h4 {[%emt 0:01:14]} 36. Kd3 {[%emt 0:00:21]} Rb1 {[%emt 0:00:49]} 37. Rf2 {[%emt 0:03:49]} Rg1 {[%emt 0:01:01]} 38. Kxc3 {[%emt 0:01:00]} Kg7 {[%emt 0:00:31]} 39. Kd3 {[%emt 0:01:42]} g3 {[%emt 0:00:25]} 40. hxg3 {[%emt 0:00:18]} hxg3 {[%emt 0:00:03]} 41. Re2 {[%emt 0:31:12]} Ra1 {[%emt 0:10:31]} 42. Rd2 {[%emt 0:00:00]} Kg6 {[%emt 0:01:16]} 43. Ke2 {[%emt 0:00:00]} Kg5 {[%emt 0:03:17]} 44. Rd1 {[%emt 0:00:00]} Rxd1 {[%emt 0:04:14]} 45. Kxd1 {[%emt 0:00:00]} Kf5 {[%emt 0:00:27]} 46. Kd2 {[%emt 0:00:00]} 1/2-1/2

[Event "Gideon Japhet ACP Open 2018"]
[Site "Jerusalem"]
[Date "2018.07.02"]
[Round "2"]
[White "Golberg, Igor"]
[Black "Raiko, Yossi"]
[Result "1-0"]
[WhiteElo "2132"]
[BlackElo "1887"]
[Annotator "NA"]
[PlyCount "93"]
[EventDate "2018.07.01"]
[EventType "swiss"]
[EventCountry "ISR"]
[SourceTitle "playchess.com"]
[Source "ChessBase"]
[SourceQuality "1"]
[TimeControl "40/5400+30:1800+30"]

1. d4 {[%emt 0:02:23]} Nf6 {[%emt 0:00:00]} 2. c4 {[%emt 0:00:05]} g6 {[%emt 0:00:00]} 3. Nc3 {[%emt 0:00:04]} Bg7 {[%emt 0:00:00]} 4. e4 {[%emt 0:00:06]} d6 {[%emt 0:00:00]} 5. Be2 {[%emt 0:00:05]} O-O {[%emt 0:00:26]} 6. Bg5 {[%emt 0:00:05]} h6 {[%emt 0:00:51]} 7. Be3 {[%emt 0:00:06]} e5 {[%emt 0:02:45]} 8. d5 {[%emt 0:00:08]} a5 {[%emt 0:00:47]} 9. Qd2 {[%emt 0:00:07]} Kh7 {[%emt 0:00:38]} 10. h4 {[%emt 0:00:02]} Ng4 {[%emt 0:04:31] E73: King's Indian: Averbakh Variation without 6...c5} (10... Na6 11. h5 g5 12. f3 c6 13. g4 cxd5 14. cxd5 Nd7 15. Bc4 Nac5 16. Nge2 Nb6 17. Bb5 Bd7 18. Bxc5 dxc5 {1-0 (40) Khismatullin,D (2632)-El Adnani,M (2448) Riadh 2017}) 11. Bxg4 {[%emt 0:00:11]} Bxg4 {[%emt 0:00:05]} 12. f3 {[%emt 0:00:05]} Bc8 {[%emt 0:01:41]} 13. h5 {[%emt 0:00:06]} g5 {[%emt 0:01:31]} 14. g4 {[%emt 0:00:02]} Na6 {[%emt 0:02:19]} 15. Nge2 {[%emt 0:00:40]} b6 $146 {[%emt 0:03:30]} ({Predecessor:} 15... f6 16. O-O Rf7 17. Nb5 b6 18. b3 {1-0 (48) Konieczynski,P (1903)-Sciborowski,M (2006) Poronin 2017}) 16. O-O {[%emt 0:00:35]} Nc5 {[%emt 0:05:34]} 17. b3 {[%emt 0:00:10]} Rg8 {[%emt 0:02:02]} 18. Ng3 {[%emt 0:01:04]} Bf8 {[%emt 0:00:27]} 19. Qc2 {[%emt 0:00:44]} f6 {[%emt 0:00:46]} 20. a3 {[%emt 0:00:21]} Bd7 {[%emt 0:11:14]} 21. b4 {[%emt 0:00:26]} Nb7 {[%emt 0:02:42]} 22. Nf5 {[%emt 0:05:09]} Qe8 {[%emt 0:00:56]} 23. Nb5 {[%emt 0:01:48]} Qd8 {[%emt 0:10:04]} 24. Qf2 {[%emt 0:01:46]} Bg7 {[%emt 0:05:58]} 25. Rfc1 {[%emt 0:00:37]} Rf8 {[%emt 0:02:02]} 26. Nxc7 {[%emt 0:15:31]} Qxc7 {[%emt 0:00:27]} 27. Bxb6 {[%emt 0:00:07]} Qb8 {[%emt 0:01:01]} 28. Nxg7 {[%emt 0:00:47]} Kxg7 {[%emt 0:00:06]} 29. c5 {[%emt 0:00:02]} axb4 {[%emt 0:20:33]} 30. axb4 {[%emt 0:05:32]} Rxa1 {[%emt 0:00:22]} 31. Rxa1 {[%emt 0:00:01]} dxc5 {[%emt 0:04:31]} 32. bxc5 {[%emt 0:00:03]} Qc8 {[%emt 0:04:46]} 33. Ra7 {[%emt 0:02:47]} Rf7 {[%emt 0:00:46]} 34. Qa2 {[%emt 0:00:18]} Bxg4 {[%emt 0:02:24]} 35. Ra8 {[%emt 0:00:13]} Qd7 {[%emt 0:02:19]} 36. c6 $18 {[%emt 0:00:02]} ({Lieber nicht} 36. fxg4 Qxg4+ 37. Qg2 Qd1+ 38. Qf1 (38. Kh2 Qxh5+ 39. Kg1 Qd1+ 40. Kh2 Qd4 $15) 38... Qd4+ 39. Kh2 Nxc5 $11) 36... Qd6 {[%emt 0:00:21]} 37. fxg4 {[%emt 0:00:59]} Qb4 {[%emt 0:00:31]} 38. Qf2 {[%emt 0:01:14]} Qxe4 {[%emt 0:00:55]} 39. Qf5 {[%emt 0:00:21]} Qe1+ {[%emt 0:08:46]} 40. Kg2 {[%emt 0:01:46]} Qd2+ {[%emt 0:00:06]} 41. Bf2 {[%emt 0:30:30]} Qxd5+ {[%emt 0:30:09]} 42. Kh2 {[%emt 0:00:07]} Nd8 {[%emt 0:00:22]} 43. Qg6+ {[%emt 0:00:23]} Kf8 {[%emt 0:00:09]} 44. Rxd8+ {[%emt 0:01:33]} Qxd8 {[%emt 0:00:11]} 45. Bc5+ {[%emt 0:00:04]} Re7 {[%emt 0:00:50]} 46. Qxf6+ {[%emt 0:00:15]} Ke8 {[%emt 0:00:24]} 47. Qh8+ {[%emt 0:00:02]} 1-0

[Event "Gideon Japhet ACP Open 2018"]
[Site "Jerusalem"]
[Date "2018.07.02"]
[Round "2"]
[White "Itzhaky, Shmuel"]
[Black "Kantsler, Boris"]
[Result "0-1"]
[WhiteElo "2111"]
[BlackElo "2422"]
[Annotator "TA"]
[PlyCount "80"]
[EventDate "2018.07.01"]
[EventType "swiss"]
[EventCountry "ISR"]
[SourceTitle "playchess.com"]
[Source "ChessBase"]
[SourceQuality "1"]

{[%evp 14,80,22,0,47,0,60,60,53,54,72,58,61,53,76,33,46,41,44,20,41,12,34,0,-5,-13,0,-69,-61,-75,-50,-70,-75,-74,-41,-91,-68,-237,-230,-441,-444,-438,-449,-468,-471,-412,-362,-552,-563,-561,-558,-591,-572,-636,-575,-568,-514,-693,-534,-922,-737,-726,-709,-1070,-1063,-5027,-5018,-5018,-4778]} 1. d4 d6 2. Nf3 g6 3. c4 Bg7 4. Nc3 e5 5. e3 Nd7 6. Be2 Ne7 7. O-O O-O {A41: Moderne Verteidigung gegen 1.d4 (mit oder ohne späterem e2-e4 und Sf6)} 8. b4 {[%cal Bb2b4,Bb4b5][%mdl 32] LiveBook: 3 Partien} h6 9. a4 $146 {[%cal Ba2a4,Ba4a5][%mdl 32]} ({Vorgänger:} 9. Bb2 f5 10. c5 e4 11. Qb3+ Kh7 12. cxd6 cxd6 13. Nd2 Nf6 14. a4 d5 15. f3 {0-1 (31) Braakhuis,W (2325)-Eckstein,M (2433) IECG email 1998}) 9... f5 (9... exd4 $11 10. exd4 b6) 10. Qb3 Kh7 11. a5 e4 12. Nd2 Nf6 13. b5 Be6 14. Ba3 Re8 15. Rac1 Bf7 16. Kh1 Rb8 17. Rc2 g5 18. f3 exf3 19. Bxf3 (19. Nxf3 {seems wilder.} Kg8 20. Bd3 a6 21. d5 Ng4 22. Re2) 19... Bg6 20. Nd5 (20. Rcc1 $11) 20... Nexd5 $15 21. cxd5 h5 22. Rc3 b6 23. a6 Re7 24. Bd1 {[#]} Qg8 $1 25. Bc2 $2 (25. Be2 $15) 25... Nxd5 $19 26. Bxf5 $2 (26. Bc1) 26... Bxf5 27. Rxf5 Nxc3 28. Qxc3 Qe6 29. Qc2 Kg8 30. Rxg5 (30. Bc1 $142 Qxe3 31. Nf3 Qe1+ 32. Ng1) 30... Qxe3 {Schwarz steht klar auf Gewinn.} 31. Qc4+ Rf7 {[#] ( -> ...De1+)} 32. Nf3 Qxa3 33. h4 Qa1+ 34. Kh2 Qb1 35. Rxh5 Qg6 36. Qd5 Re8 37. Rg5 Qe4 38. Qb3 Kf8 39. Rh5 Qf4+ 40. Kh3 Re3 {Precision: Weiß = 18%, Schwarz = 50%.} 0-1

[Event "Gideon Japhet ACP Open 2018"]
[Site "Jerusalem"]
[Date "2018.07.02"]
[Round "2"]
[White "Gorodetzky, Matan"]
[Black "Kobo, Ori"]
[Result "1/2-1/2"]
[WhiteElo "2060"]
[BlackElo "2508"]
[Annotator "ChessBase"]
[PlyCount "95"]
[EventDate "2018.07.01"]
[EventType "swiss"]
[EventCountry "ISR"]
[SourceTitle "playchess.com"]
[Source "ChessBase"]
[SourceQuality "1"]
[TimeControl "40/5400+30:1800+30"]

1. e4 {[%emt 0:00:11]} g6 {[%emt 0:00:01]} 2. d4 {[%emt 0:00:51]} Bg7 {[%emt 0:00:08]} 3. h3 {[%emt 0:00:39]} c5 {[%emt 0:06:28]} 4. c3 {[%emt 0:00:58]} cxd4 {[%emt 0:09:13]} 5. cxd4 {[%emt 0:00:07]} d5 {[%emt 0:00:05]} 6. e5 {[%emt 0:01:04]} Nc6 {[%emt 0:00:08]} 7. Nc3 {[%emt 0:01:15]} e6 {[%emt 0:02:09]} 8. Nf3 {[%emt 0:09:22]} Nge7 {[%emt 0:02:02]} 9. g4 {[%emt 0:06:24]} O-O {[%emt 0:05:28]} 10. Be2 {[%emt 0:06:26]} f6 {[%emt 0:00:27]} 11. exf6 {[%emt 0:04:31]} Rxf6 {[%emt 0:00:22]} 12. Be3 {[%emt 0:11:10]} a6 {[%emt 0:05:18]} 13. O-O {[%emt 0:09:02]} b5 {[%emt 0:00:13]} 14. Rc1 {[%emt 0:02:47]} Bd7 {[%emt 0:05:51]} 15. Qd2 {[%emt 0:04:45]} Qf8 {[%emt 0:07:43]} 16. Kg2 {[%emt 0:02:40]} h6 {[%emt 0:01:07]} 17. Ne5 {[%emt 0:03:01]} Nxe5 {[%emt 0:00:59]} 18. dxe5 {[%emt 0:00:02]} Rf7 {[%emt 0:00:08]} 19. f4 {[%emt 0:04:27]} Qb8 {[%emt 0:05:20]} 20. Bf3 {[%emt 0:04:37]} g5 {[%emt 0:08:44]} 21. fxg5 {[%emt 0:00:55]} Ng6 {[%emt 0:05:01]} 22. Bxd5 {[%emt 0:06:06]} Rxf1 {[%emt 0:20:40]} 23. Rxf1 {[%emt 0:00:15]} hxg5 {[%emt 0:02:03]} 24. Be4 {[%emt 0:06:43]} Nxe5 {[%emt 0:02:20]} 25. Bd4 {[%emt 0:04:04]} Qd8 {[%emt 0:02:07]} 26. Rd1 {[%emt 0:01:37]} Bc6 {[%emt 0:03:22]} 27. Bxc6 {[%emt 0:02:54]} Nxc6 {[%emt 0:00:01]} 28. Bxg7 {[%emt 0:00:11]} Qxd2+ {[%emt 0:04:52]} 29. Rxd2 {[%emt 0:00:01]} Kxg7 {[%emt 0:00:01]} 30. Rd7+ {[%emt 0:02:35]} Kf6 {[%emt 0:00:25]} 31. Ne4+ {[%emt 0:00:29]} Ke5 {[%emt 0:00:02]} 32. Nxg5 {[%emt 0:00:17]} Rc8 {[%emt 0:00:58]} 33. Kg3 {[%emt 0:03:12]} Nb4 {[%emt 0:01:56]} 34. Nf3+ {[%emt 0:01:41]} Kf6 {[%emt 0:00:01]} 35. g5+ {[%emt 0:00:31]} Kg6 {[%emt 0:00:12]} 36. Rd6 {[%emt 0:00:23]} Kf5 {[%emt 0:00:40]} 37. a3 {[%emt 0:00:33]} Nd5 {[%emt 0:00:01]} 38. Rxa6 {[%emt 0:00:32]} e5 {[%emt 0:00:36]} 39. Rd6 {[%emt 0:00:13]} Nf4 {[%emt 0:00:25]} 40. Rf6+ {[%emt 0:00:48]} Ke4 {[%emt 0:00:01]} 41. Rb6 {[%emt 0:30:56]} Rc2 {[%emt 0:04:07]} 42. Nh4 {[%emt 0:00:00]} Rxb2 {[%emt 0:01:06]} 43. g6 {[%emt 0:00:00]} Rb1 {[%emt 0:01:17]} 44. Ra6 {[%emt 0:00:00]} Ra1 {[%emt 0:06:28]} 45. Nf3 {[%emt 0:00:00]} Kf5 {[%emt 0:02:20]} 46. Nh4+ {[%emt 0:00:00]} Ke4 {[%emt 0:00:24]} 47. Kh2 {[%emt 0:00:01]} Ra2+ {[%emt 0:01:04]} 48. Kg3 {[%emt 0:01:19]} 1/2-1/2

[Event "Gideon Japhet ACP Open 2018"]
[Site "Jerusalem"]
[Date "2018.07.02"]
[Round "2"]
[White "Zlotogorsky, Itay"]
[Black "Shvayger, Yuliya"]
[Result "0-1"]
[WhiteElo "1822"]
[BlackElo "2409"]
[Annotator "ChessBase"]
[PlyCount "86"]
[EventDate "2018.07.01"]
[EventType "swiss"]
[EventCountry "ISR"]
[SourceTitle "playchess.com"]
[Source "ChessBase"]
[SourceQuality "1"]
[TimeControl "40/5400+30:1800+30"]

1. e4 {[%emt 0:00:00]} c5 {[%emt 0:00:00]} 2. Nc3 {[%emt 0:00:06]} Nc6 {[%emt 0:00:04]} 3. g3 {[%emt 0:00:32]} g6 {[%emt 0:00:11]} 4. Bg2 {[%emt 0:00:28]} Bg7 {[%emt 0:00:04]} 5. f4 {[%emt 0:00:53]} d6 {[%emt 0:06:11]} 6. d3 {[%emt 0:00:40]} e6 {[%emt 0:00:24]} 7. Nf3 {[%emt 0:00:48]} Nge7 {[%emt 0:00:21]} 8. O-O {[%emt 0:01:51]} O-O {[%emt 0:00:14]} 9. Be3 {[%emt 0:01:31]} Nd4 {[%emt 0:00:45]} 10. Qd2 {[%emt 0:02:09]} Rb8 {[%emt 0:04:36]} 11. a4 {[%emt 0:01:55]} Nec6 {[%emt 0:09:18]} 12. Rab1 {[%emt 0:11:24]} a6 {[%emt 0:04:10]} 13. Ne2 {[%emt 0:01:49]} b5 {[%emt 0:05:38]} 14. axb5 {[%emt 0:02:31]} axb5 {[%emt 0:00:11]} 15. Nfxd4 {[%emt 0:04:23]} Nxd4 {[%emt 0:04:28]} 16. c3 {[%emt 0:05:16]} Nxe2+ {[%emt 0:06:20]} 17. Qxe2 {[%emt 0:00:25]} b4 {[%emt 0:00:07]} 18. e5 {[%emt 0:03:57]} Bb7 {[%emt 0:10:54]} 19. d4 {[%emt 0:04:19]} Bxg2 {[%emt 0:02:19]} 20. Qxg2 {[%emt 0:01:04]} bxc3 {[%emt 0:10:16]} 21. bxc3 {[%emt 0:03:07]} Rxb1 {[%emt 0:00:52]} 22. Rxb1 {[%emt 0:00:18]} dxe5 {[%emt 0:00:37]} 23. fxe5 {[%emt 0:02:23]} Qa5 {[%emt 0:02:10]} 24. Qb2 {[%emt 0:05:48]} h5 {[%emt 0:01:15]} 25. dxc5 {[%emt 0:03:00]} Bxe5 {[%emt 0:01:47]} 26. Bd4 {[%emt 0:01:56]} Bg7 {[%emt 0:03:18]} 27. Bxg7 {[%emt 0:04:31]} Kxg7 {[%emt 0:00:14]} 28. Qb4 {[%emt 0:01:07]} Qc7 {[%emt 0:00:49]} 29. Qd4+ {[%emt 0:02:37]} e5 {[%emt 0:05:29]} 30. Qd6 {[%emt 0:03:36]} Rc8 {[%emt 0:00:12]} 31. Rb5 {[%emt 0:02:43]} Qxd6 {[%emt 0:03:37]} 32. cxd6 {[%emt 0:00:07]} Kf6 {[%emt 0:00:03]} 33. d7 {[%emt 0:07:47]} Rd8 {[%emt 0:00:25]} 34. Kf2 {[%emt 0:03:41]} Rxd7 {[%emt 0:00:15]} 35. Ke3 {[%emt 0:00:28]} Kf5 {[%emt 0:07:53]} 36. Rb2 {[%emt 0:03:08]} Rc7 {[%emt 0:05:25]} 37. Kd3 {[%emt 0:01:12]} e4+ {[%emt 0:00:53]} 38. Kd4 {[%emt 0:00:25]} Rd7+ {[%emt 0:00:06]} 39. Kc4 {[%emt 0:03:42]} e3 {[%emt 0:00:17]} 40. Kc5 {[%emt 0:02:37]} Ke4 {[%emt 0:02:29]} 41. Kc6 {[%emt 0:31:34]} Re7 {[%emt 0:30:16]} 42. c4 {[%emt 0:02:34]} Kd3 {[%emt 0:00:10]} 43. c5 {[%emt 0:00:19]} e2 {[%emt 0:00:07]} 0-1

[Event "Gideon Japhet ACP Open 2018"]
[Site "Jerusalem"]
[Date "2018.07.02"]
[Round "3"]
[White "Naiditsch, Arkadij"]
[Black "Ushenina, Anna"]
[Result "1-0"]
[WhiteElo "2697"]
[BlackElo "2447"]
[Annotator "TA"]
[PlyCount "83"]
[EventDate "2018.07.01"]
[EventType "swiss"]
[EventCountry "ISR"]
[SourceTitle "playchess.com"]
[Source "ChessBase"]
[SourceQuality "1"]

{[%evp 25,83,10,22,0,0,-13,0,-7,8,0,0,-11,15,0,4,-18,0,-10,-4,-73,-54,-99,-102,-162,-75,-83,-43,-75,-72,-89,-86,-92,-15,-24,-23,-30,-20,-19,-14,-22,1,-2,28,-10,33,23,31,44,32,0,181,0,753,763,2603,2240,2091,2025,29994,29995]} 1. e4 c5 2. Nf3 d6 3. d4 cxd4 4. Nxd4 Nf6 5. Nc3 a6 6. g3 e5 7. Nb3 Be6 8. Bg2 Be7 9. O-O O-O 10. a4 Nbd7 11. Re1 {B91: Sicilian Najdorf: 6 g3} Qc7 (11... Rc8 12. Nd2 Bg4 13. Bf3 Bxf3 14. Nxf3 Re8 15. Be3 Nb6 16. Rb1 Nc4 17. Qd3 d5 18. Nxd5 Nxd5 19. Qxd5 Qxd5 20. exd5 e4 21. Nd2 Nxd2 {½-½ (21) Karjakin,S (2785)-Nepomniachtchi,I (2767) Wijk aan Zee 2017}) 12. Nd2 Qc5 13. Nf1 Bd8 {LiveBook: 6 Games} 14. h3 Ba5 15. Be3 Qc7 16. Bd2 {[#]} Nb6 $146 ({Predecessor:} 16... Rac8 17. Ne3 Rfe8 18. g4 {1-0 (69) Naiditsch,A (2684)-Sunilduth Lyna,N (2536) Douglas 2016}) 17. Ne3 Nc4 18. Nxc4 Bxc4 19. Nb1 Be6 20. Na3 Bxd2 21. Qxd2 Rfd8 22. c4 (22. Rad1 $11 {remains equal.}) 22... Qd7 $17 23. Kh2 Qxa4 24. Re3 (24. Rec1 $17 Qc6 25. Qc2) 24... Qc6 (24... Bxc4 $19 25. Qd1 Qxd1 26. Rxd1 Rac8) 25. f4 b5 ({But not} 25... Bxc4 $6 26. Rc1 $14) 26. f5 Bc8 27. g4 {[%cal Bg3g4,Bg4g5][%mdl 32]} Bb7 28. Qe2 bxc4 (28... b4 $17 29. g5 Nd7) 29. g5 $11 Ne8 30. Nxc4 Qb5 31. Ra5 Qb4 32. Raa3 {[%cal Ba5a3,Ba3b3,Bb3b6][%mdl 32] [#] Threatens to win with Reb3.} Rab8 33. Rab3 $36 {[%mdl 2048] Black is under pressure.} Qa4 34. Rb6 {next Reb3 is good for White.} (34. Nb6 $5 {[%cal Rb6a4]} Qa5 35. Rec3 $14) 34... Qd7 35. Reb3 {[%mdl 1024] Na5 is the strong threat. White has compensation.} Qc7 $1 36. Ne3 $1 d5 37. f6 {[%cal Re4d5,Bf5f6,Bf6g7][%mdl 32]} Nd6 $2 (37... d4 $11 38. Ng4 d3) 38. Qh5 $2 ({Inferior is} 38. exd5 Nb5 $17) (38. Nxd5 Bxd5 39. Rxb8 Bc4 $15) ({Only move:} 38. fxg7 $18 {And now Qh5 would win.} d4 39. Ng4 Kxg7 40. Qf2) 38... dxe4 $2 {[%mdl 8192]} (38... g6 $11 39. Qh6 Ne8) 39. fxg7 $18 Bc6 {[#]} 40. Ng4 $1 {[%mdl 512] White wants to mate with Nf6+.} Ne8 41. Rxb8 Rxb8 42. Rxb8 {Precision: White = 48%, Black = 38%.} 1-0